Tìm hiểu loại hình du lịch ẩm thực ở thành phố Đà Nẵng. Định hướng và giải pháp phát triển đến năm 2020
Tổng quan tài liệu có liên quan đến loại hình du lịch ẩm thực. Tìm hiểu tiềm năng phát triển loại hình du lịch ẩm thực tại thành phố Đà Nẵng. Đề xuất những giải pháp phát triển loại hình du lịch ẩm thực tại thành phố Đà Nẵng đến năm 2020....
Saved in:
| Main Author: | |
|---|---|
| Other Authors: | |
| Format: | Book |
| Language: | Vietnamese |
| Published: |
Đà Nẵng
Đại học Sư phạm, Đại học Đà Nẵng
2013
|
| Subjects: | |
| Tags: |
Add Tag
No Tags, Be the first to tag this record!
|
| Institutions: | Mạng thư viện Đại học Đà Nẵng |
|---|
| LEADER | 01803nam a2200337 4500 | ||
|---|---|---|---|
| 001 | 000018861 | ||
| 003 | 15296 | ||
| 005 | 20140120110103.0 | ||
| 008 | 140113s2013 viesd | ||
| 041 | |a vie | ||
| 082 | 1 | 4 | |a 910.1642 |b NG-H |
| 100 | 1 | |a Nguyễn Thị Lệ Hương | |
| 245 | 1 | 0 | |a Tìm hiểu loại hình du lịch ẩm thực ở thành phố Đà Nẵng. Định hướng và giải pháp phát triển đến năm 2020 |c Nguyễn Thị Lệ Hương ; Hoàng Thị Diệu Huyền hướng dẫn |k Khóa luận tốt nghiệp |
| 260 | |a Đà Nẵng |b Đại học Sư phạm, Đại học Đà Nẵng |c 2013 | ||
| 300 | |a 48 tr. |b Hình mh. |c 29 cm. | ||
| 500 | |a Khóa luận tốt nghiệp đại học. Chuyên ngành: Cử nhân Địa lý - Môi trường | ||
| 520 | |a Tổng quan tài liệu có liên quan đến loại hình du lịch ẩm thực. Tìm hiểu tiềm năng phát triển loại hình du lịch ẩm thực tại thành phố Đà Nẵng. Đề xuất những giải pháp phát triển loại hình du lịch ẩm thực tại thành phố Đà Nẵng đến năm 2020. | ||
| 650 | 0 | 4 | |a Du lịch ẩm thực |v Khóa luận tốt nghiệp |y 2005-2020 |z Đà Nẵng |
| 653 | |a Khoa Địa lý | ||
| 653 | |a Du lịch ẩm thực | ||
| 700 | 1 | |a Hoàng Thị Diệu Huyền |e Hướng dẫn | |
| OWN | |a LSP | ||
| AVA | |a UDN50 |b LSP |d 910.1642 NG-H |e available |t Error 5001 Not defined in file expand_doc_bib_avail. |f 1 |g 0 |h N |i 0 |k 1 | ||
| 999 | |a From the UDN01 | ||
| AVA | |a UDN50 |b LSP |d 910.1642 NG-H |e available |t Error 5001 Not defined in file expand_doc_bib_avail. |f 1 |g 0 |h N |i 0 |k 1 | ||
| TYP | |a Monograph | ||
| TYP | |a Printed language | ||
| 980 | |a Mạng thư viện Đại học Đà Nẵng | ||